000 00290nam a22001097a 4500
082 _a320
100 _aM Laxmikant
_972332
245 _aGovernance In India for Civil Services and state services examination
260 _aChennai
_bMc Graw Hill
_c2025
650 _apolity
942 _cC. BOOKS
999 _c68202
_d68202